01326nam a22003254a 4500001001200000003000800012006001900020007001500039008004100054010001700095020002800112040002100140035002100161050002500182082002300207100002900230245008400259260005900343300002600402490003000428504006400458533015200522600002500674610005000699650004800749655002900797710001700826830003100843856012600874ebr10001666CaPaEBRm u cr cn|||||||||010209s2001 moua sb s001 0beng  z 2001023365 z0826213367 (alk. paper) aCaPaEBRcCaPaEBR a(OCoLC)17915565114aGV865.M8bG34 2001eb04a796.357/092aB2211 aGiglio, James N.,d1939-10aMusialh[electronic resource] :bfrom Stash to Stan the Man /cJames N. Giglio. aColumbia, Mo. :bUniversity of Missouri Press,cc2001. axviii, 345 p. :bill.1 aMissouri biography series aIncludes bibliographical references (p. 315-334) and index. aElectronic reproduction.bPalo Alto, Calif. :cebrary,d2013.nAvailable via World Wide Web.nAccess may be limited to ebrary affiliated libraries.10aMusial, Stan,d1920-20aSt. Louis Cardinals (Baseball team)xHistory. 0aBaseball playerszUnited StatesvBiography. 7aElectronic books.2local2 aebrary, Inc. 0aMissouri biography series.40uhttp://site.ebrary.com/lib/rucke/Doc?id=10001666zAn electronic book accessible through the World Wide Web; click to view